ბათუმის შოთა რუსთაველის სახელმწიფო უნივერსიტეტის ბიბლიოთეკა

სომხურ ხელნაწერთა XIV-XV საუკუნეების ანდერძების (ჰიშატაკარანების) ცნობები საქართველოს შესახებ / (ბიბ.ჩანაწერი № 59889)

000 -ლიდერი
ფიქსირებული სიგრძის საკონტროლო ველი 02536nam a22003017a 4500
003 - საკონტროლო ნომრის იდენტიფიკატორი
საკონტროლო ველი Ge_BSU
005 - ბოლო ოპერაციის თარიღი და დრო
საკონტროლო ველი 20230505115925.0
008 - ფიქსირებული სიგრძის მონაცემთა ელემენტები - ზოგადი ინფორმაცია
ფიქსირებული სიგრძის საკონტროლო ველი 230505s1978 ge ||||| |||| 00| 0 geo d
041 ## - ენის კოდი
Language code of text/sound track or separate title geo
080 ## - უნივერსალური ათობითი კლასიფიკაციის ინდექსი
Universal Decimal Classification number 94(479.22)"13/14"(093უცხ.) 930.2:003.074(=19) ს-66
245 ## - ცნობა სათაურის შესახებ
Title სომხურ ხელნაწერთა XIV-XV საუკუნეების ანდერძების (ჰიშატაკარანების) ცნობები საქართველოს შესახებ /
Statement of responsibility, etc ძვ. სომხ. თარგმნა, შესავ., კომენტ. და შენიშვნები დაურთო ალექსანდრე აბდალაძემ; [ტომის რედ. ნ. ჯანაშია]; რედ. ზ. ალექსიძე, ვ. გაბაშვილი და სხვ.ივ. ჯავახიშვილის სახ. ისტორიის, არქეოლ. და ეთნოგრ. ინ-ტი.
264 ## - წარმოების, გამოცემის, დისტრიბუციის და სხვა ცნობები
გამოცემის, წარმოების, დისტრიბუციის... ადგილი თბილისი :
გამოცემის, წარმოების, დისტრიბუციის... სახელწოდება მეცნიერება,
გამოცემის, წარმოების, დისტრიბუციის... თარიღი 1978.
300 ## - ფიზიკური აღწერა
Extent 200 გვ. ;
Other physical details 21 სმ.
490 ## - სერიის ცნობა
Series statement საქართველოს ისტორიის წყაროები ; 8
Volume number/sequential designation საქართველოს ისტორიის უცხოური წყაროები / საქ. სსრ მეცნ. აკად., საქ. ისტორიის წყაროების კომისია ; V
500 ## - ზოგადი შენიშვნა
General note საძიებლები: გვ. 187-199.
520 ## - SUMMARY, ETC.
Summary, etc რეზ. რუს. ენ.
653 ## - INDEX TERM--UNCONTROLLED
Uncontrolled term სომხური ხელნაწერები
653 ## - INDEX TERM--UNCONTROLLED
Uncontrolled term საქართველოს ისტორია -- XIV-XV სს.
653 ## - INDEX TERM--UNCONTROLLED
Uncontrolled term სომხური ანდერძები
653 ## - INDEX TERM--UNCONTROLLED
Uncontrolled term საქართველოს ისტორიის სომხური წყაროები
653 ## - INDEX TERM--UNCONTROLLED
Uncontrolled term უცხოელები საქართველოს შესახებ.
700 ## - ADDED ENTRY--PERSONAL NAME
Personal name ჯანაშია, ნ.
Relator term რედაქტორი
9 (RLIN) 1523
700 ## - ADDED ENTRY--PERSONAL NAME
Personal name ალექსიძე, ზ.
Relator term რედაქტორი
9 (RLIN) 17990
700 ## - ADDED ENTRY--PERSONAL NAME
Personal name გაბაშვილი, ვ. და სხვ.
Relator term რედაქტორი
9 (RLIN) 17991
700 ## - ADDED ENTRY--PERSONAL NAME
Personal name აბდალაძე, ალექსანდრე
Relator term მთარგმნელი
9 (RLIN) 17988
700 ## - ADDED ENTRY--PERSONAL NAME
Personal name ნადირაძე, გ.,
Relator term მხატვარი
9 (RLIN) 17989
942 ## - ADDED ENTRY ELEMENTS (KOHA)
Source of classification or shelving scheme
Koha item type წიგნი
ეგზემპლარები
ჩამოწერის სტატუსი დაკარგული ეგზემპლარის სტატუსი კლასიფიკაციის წყარო ან თაროზე გაწყობის სქემა დაზიანების სტატუსი არ გაიცემა მუდმივი მდებარეობა (დაცვის ადგილი) ამჟამინდელი ადგილსამყოფელი თაროზე განთავსების ადგილი შეძენის თარიღი ღირებულება, შესყიდვის ნორმალური ფასი სრული შენახვის შიფრი შტრიხკოდი ბოლო ოპერაციის თარიღი ეგზემპლარის მიმდევრობითი ნომერი (კეტერი?) Uniform Resource Identifier ფასის ძალაში შესვლის თარიღი ეგზემპლარის სახეობა საჯარო შენიშვნა
          ბათუმის შოთა რუსთაველის სახელმწიფო უნივერსიტეტის მთავარი ბიბლიოთეკა ბათუმის შოთა რუსთაველის სახელმწიფო უნივერსიტეტის მთავარი ბიბლიოთეკა წიგნსაცავი 2023-05-05 5.00 94(479.22) 64372 2023-05-05 64372 ბსუ-ს საპატიო დოქტორის გურამ ლორთქიფანიძის საჩუქარი 2023-05-05 წიგნი 5 ლ.